000 01595cam a2200397La 4500
001 4243859
003 ARRUPE
005 20160812123758.0
006 m o d
007 cr cn|||||||||
008 010319r20001998mau ob 001 0 eng d
020 _a0631227644
_q(electronic bk.)
020 _a9780631227649
_q(electronic bk.)
020 _a9781405164498
020 _a1405164492
035 _a(OCoLC)ocm47011858
035 _a(NNC)4243859
035 _a(OCoLC)47011858
_z(OCoLC)244175208
_z(OCoLC)259265600
037 _a9780631220671
_bBlackwell
_nhttp://www.blackwellreference.com
040 _aN$T
_beng
_epn
_cN$T
_dOCL
_dOCLCQ
_dMUQ
_dOCLCQ
_dYDXCP
_dOCLCG
_dWEN
_dOCLCQ
_dTUU
_dOCLCQ
_dZCU
_dOCLCO
_dOCLCF
_dOCLCQ
_dDG1
_dBTCTA
_dDKDLA
_dOCLCQ
050 4 _aHQ1190
_b.C665 1998
100 _a Alison M. Jaggar
_925002
245 0 2 _aA companion to feminist philosophy /
_cedited by Alison M. Jaggar and Iris Marion Young.
250 _a[1st pbk. ed., 2000].
260 _aMalden, Mass. :
_bBlackwell,
_c2000, 1998.
300 _axvii, 703 p.;
_c25cm.
490 1 _aBlackwell companions to philosophy ;
_v13
504 _aIncludes bibliographical references (pages 591-675) and index.
650 0 _aFeminist theory.
_925003
700 1 _aJaggar, Alison M.
_925004
700 1 _aYoung, Iris Marion,
_d1949-
_925005
776 0 8 _iPrint version:
_tCompanion to feminist philosophy.
_b[1st pbk. ed., 2000].
_dMalden, Mass. : Blackwell, 2000, 1998
_z0631220674
_w(OCoLC)47984757
830 0 _aBlackwell companions to philosophy ;
_v13.
_93342
942 _2lcc
_cMONOGRAPH
999 _c124987
_d124987